Peace has no alternative:speeches Articles Interviews (Record no. 222893)
[ view plain ]
| 000 -LEADER | |
|---|---|
| fixed length control field | 00620nam a22002057a 4500 |
| 005 - DATE AND TIME OF LATEST TRANSACTION | |
| control field | 20220512114245.0 |
| 008 - FIXED-LENGTH DATA ELEMENTS--GENERAL INFORMATION | |
| fixed length control field | 220512b ||||| |||| 00| 0 eng d |
| 020 ## - INTERNATIONAL STANDARD BOOK NUMBER | |
| International Standard Book Number | 8170500362 |
| 040 ## - CATALOGING SOURCE | |
| Transcribing agency | AL |
| 041 ## - LANGUAGE CODE | |
| Language code of text/sound track or separate title | English |
| 082 ## - DEWEY DECIMAL CLASSIFICATION NUMBER | |
| Edition number | 23 |
| Classification number | 947.086 |
| Item number | GORP |
| 100 ## - MAIN ENTRY--PERSONAL NAME | |
| Personal name | Mikhail S Gorbachev |
| 100 ## - MAIN ENTRY--PERSONAL NAME | |
| 9 (RLIN) | 36339 |
| 245 ## - TITLE STATEMENT | |
| Title | Peace has no alternative:speeches Articles Interviews |
| 260 ## - PUBLICATION, DISTRIBUTION, ETC. | |
| Place of publication, distribution, etc. | New Delhi |
| Name of publisher, distributor, etc. | Patriot Publishers |
| Date of publication, distribution, etc. | 1986 |
| 300 ## - PHYSICAL DESCRIPTION | |
| Extent | xix,640 p. |
| Other physical details | PB |
| Dimensions | 21x14 xm. |
| 365 ## - TRADE PRICE | |
| Currency code | ₹ |
| Unit of pricing | ₹70.00 |
| 650 ## - SUBJECT ADDED ENTRY--TOPICAL TERM | |
| Topical term or geographic name entry element | Soviet union-politics and government 1975-1985 |
| 9 (RLIN) | 36340 |
| 700 ## - ADDED ENTRY--PERSONAL NAME | |
| Personal name | GORBACHEV (Mikhail S) |
| 9 (RLIN) | 36341 |
| 942 ## - ADDED ENTRY ELEMENTS (KOHA) | |
| Source of classification or shelving scheme | Dewey Decimal Classification |
| Koha item type | George Fernandes Collections |
| Withdrawn status | Lost status | Source of classification or shelving scheme | Damaged status | Not for loan | Collection code | Home library | Current library | Date acquired | Total Checkouts | Full call number | Barcode | Date last seen | Cost, replacement price | Price effective from | Koha item type |
|---|---|---|---|---|---|---|---|---|---|---|---|---|---|---|---|
| Dewey Decimal Classification | History | St Aloysius Library | St Aloysius Library | 03/23/2013 | 947.086 GORP | GF02009 | 05/12/2022 | 70.00 | 05/12/2022 | George Fernandes Collections |